| 000 | 00732nam a22002537a 4500 | ||
|---|---|---|---|
| 003 | UA-OsUOA | ||
| 001 | 28980 | ||
| 007 | ta | ||
| 008 | 20050519b un ||||| |||| 00| 0 ukr d | ||
| 100 | _aВольтер | ||
| 090 |
_a929 _bВ71 |
||
| 942 | _cBK | ||
| 040 |
_aUA-OsUOA _brus _cUA-OsUOA _dUA-OsUOA |
||
| 245 |
_aИстория Карла XII, короля Швеции, и Петра Великого, императора России _cВольтер |
||
| 300 | _a304 с. | ||
| 955 | _a0 | ||
| 041 | _arus | ||
| 080 | _a929 | ||
| 020 | _a5-8370-0199-9 | ||
| 260 |
_aСПб _bЛимбус Пресс _c1999 |
||
| 044 | _aRU | ||
| 650 | 7 |
_a9 Географія. Біографії. Історія _2UDC |
|
| 999 |
_c315357 _d315357 |
||